Design of equilibrium stage processes (Record no. 13251)

000 -LEADER
fixed length control field 00589nam a22002171 4500
001 - CONTROL NUMBER
control field 13251
003 - CONTROL NUMBER IDENTIFIER
control field BD-DhUET
008 - FIXED-LENGTH DATA ELEMENTS--GENERAL INFORMATION
fixed length control field 740517s1963 nyua b 000 0 eng
020 ## - INTERNATIONAL STANDARD BOOK NUMBER
International Standard Book Number 070586373
040 ## - CATALOGING SOURCE
Original cataloging agency DLC
Transcribing agency OAkU
Modifying agency BD-DhUET
082 ## - DEWEY DECIMAL CLASSIFICATION NUMBER
Classification number 660.28422
Item number SMI/1963
100 1# - MAIN ENTRY--PERSONAL NAME
Personal name Smith, Buford D.
245 10 - TITLE STATEMENT
Title Design of equilibrium stage processes
250 ## - EDITION STATEMENT
Edition statement 1st ed.
260 ## - PUBLICATION, DISTRIBUTION, ETC. (IMPRINT)
Place of publication, distribution, etc. New York
Name of publisher, distributor, etc. McGraw-Hill
Date of publication, distribution, etc. 1963
300 ## - PHYSICAL DESCRIPTION
Extent 647 p.
Other physical details ill.
Dimensions 24 cm.
490 ## - SERIES STATEMENT
Series statement McGraw-Hill chemical engineering series
504 ## - BIBLIOGRAPHY, ETC. NOTE
Bibliography, etc Includes bibliographies
650 #0 - SUBJECT ADDED ENTRY--TOPICAL TERM
Topical term or geographic name as entry element Chemical equilibrium
942 ## - ADDED ENTRY ELEMENTS (KOHA)
Koha item type General Book
Holdings
Koha normalized classification for sorting Koha item type Koha date last seen Withdrawn status Copy number Shelving location Not for loan Lost status Damaged status Koha full call number Date acquired Piece designation (barcode) Sublocation or collection (holding branch) Price effective from Source of classification or shelving scheme Location (home branch)
660_284220000000000_SMI_1963General Book2015-03-02 1Circulation section   660.28422/SMI/19632015-03-0234954Central Library, BUET2015-03-02 Central Library, BUET
660_284220000000000_SMI_1963General Book2015-03-03 2Circulation section   660.28422/SMI/19632015-03-0329845Central Library, BUET2015-03-03 Central Library, BUET
660_284220000000000_SMI_1963General Book2015-03-03 3Circulation section   660.28422/SMI/19632015-03-0329841Central Library, BUET2015-03-03 Central Library, BUET
660_284220000000000_SMI_1963General Book2015-03-03 4Circulation section   660.28422/SMI/19632015-03-0329847Central Library, BUET2015-03-03 Central Library, BUET
660_284220000000000_SMI_1963General Book2015-03-03 5Circulation section   660.28422/SMI/19632015-03-0329853Central Library, BUET2015-03-03 Central Library, BUET
660_284220000000000_SMI_1963General Book2015-03-03 6Circulation section   660.28422/SMI/19632015-03-0329843Central Library, BUET2015-03-03 Central Library, BUET
660_284220000000000_SMI_1963General Book2015-03-03 7Circulation section   660.28422/SMI/19632015-03-0329844Central Library, BUET2015-03-03 Central Library, BUET
660_284220000000000_SMI_1963General Book2015-03-03 8Circulation section   660.28422/SMI/19632015-03-0329840Central Library, BUET2015-03-03 Central Library, BUET
660_284220000000000_SMI_1963General Book2015-03-03 9Circulation section   660.28422/SMI/19632015-03-0334955Central Library, BUET2015-03-03 Central Library, BUET
660_284220000000000_SMI_1963General Book2015-05-11 10Circulation section   660.28422/SMI/19632015-05-1111477Central Library, BUET2015-05-11 Central Library, BUET
660_284220000000000_SMI_1963General Book2015-05-11 11Circulation section   660.28422/SMI/19632015-05-1129846Central Library, BUET2015-05-11 Central Library, BUET
660_284220000000000_SMI_1963General Book2015-05-11 12Circulation section   660.28422/SMI/19632015-05-1134953Central Library, BUET2015-05-11 Central Library, BUET
660_284220000000000_SMI_1963General Book2015-05-11 13Circulation section   660.28422/SMI/19632015-05-1118836Central Library, BUET2015-05-11 Central Library, BUET
660_284220000000000_SMI_1963General Book2015-05-11 14Circulation section   660.28422/SMI/19632015-05-1129854Central Library, BUET2015-05-11 Central Library, BUET
660_284220000000000_SMI_1963General Book2015-05-11 15Circulation section   660.28422/SMI/19632015-05-1129856Central Library, BUET2015-05-11 Central Library, BUET
660_284220000000000_SMI_1963General Book2015-05-19 16Circulation section   660.28422/SMI/19632015-05-1929848Central Library, BUET2015-05-19 Central Library, BUET
660_284220000000000_SMI_1963Reading Item2015-06-18 17Reading section   660.28422/SMI/19632015-06-186449Central Library, BUET2015-06-18 Central Library, BUET